| 000 | 00446nam a2200133Ia 4500 | ||
|---|---|---|---|
| 005 | 20260326100034.0 | ||
| 008 | 260326s9999||||xx |||||||||||||| ||und|| | ||
| 100 | _aMota Menezes, José Luiz da | ||
| 245 | 0 |
_aDois Monumentos do Recife : _b Sao Pedro Dos Clerigos - Nossa Senhora da Conceicao dos Militares / _cJosé Luiz da Mota Menezes |
|
| 260 | _bFundacao de Cultura do Recife | ||
| 300 | _a66 p. | ||
| 650 | _aARQUITECTURA REGIONAL | ||
| 942 | _cBK | ||
| 999 |
_c6708 _d6708 |
||